|
|
|
|
| LEADER |
00000nam0a2200000 4500 |
| 001 |
138253 |
| 005 |
20231031141403.0 |
| 035 |
|
|
|a (RuTPU)RU\TPU\book\149813
|
| 090 |
|
|
|a 138253
|
| 100 |
|
|
|a 20080522d2006 m y0rusy50 ca
|
| 101 |
0 |
|
|a rus
|
| 102 |
|
|
|a RU
|
| 105 |
|
|
|a a j 001zy
|
| 200 |
1 |
|
|a Метрология, стандартизация и сертификация
|e учебное пособие
|f Н. И. Самсонова
|g Томский политехнический университет, Юргинский технологический институт
|
| 210 |
|
|
|a Москва
|c Изд-во ТПУ
|d 2006
|
| 215 |
|
|
|a 250 с.
|c ил.
|
| 225 |
1 |
|
|a Учебники Томского политехнического университета
|
| 320 |
|
|
|a Литература: с. 249-250.
|
| 330 |
|
|
|a В пособии представлены задачи по допускам гладких цилиндрических, конических, резьбовых, шпоночных и шлицевых соединений, а также угловых размеров; задачи по оценке шероховатости поверхности, определению погрешностей формы и их взаимного расположения, решение размерных цепей. По каждой теме в пособии кратко изложены теоретические положения, необходимые для решения примеров и задач, рассмотрены примеры решения задач и представлены задачи по каждой теме. Пособие можно использовать при проведении практических работ и при выполнении курсовой работы. В пособии по каждой теме имеется справочный материал. Предназначено для студентов вузов машиностроительного профиля всех форм обучения.
|
| 610 |
1 |
|
|a метрология
|
| 610 |
1 |
|
|a стандартизация
|
| 610 |
1 |
|
|a взаимозаменяемость
|
| 610 |
1 |
|
|a нормы
|
| 610 |
1 |
|
|a гладкие цилиндрические соединения
|
| 610 |
1 |
|
|a геометрические параметры
|
| 610 |
1 |
|
|a отклонения
|
| 610 |
1 |
|
|a классификация
|
| 610 |
1 |
|
|a нормирование
|
| 610 |
1 |
|
|a шероховатости
|
| 610 |
1 |
|
|a посадки
|
| 610 |
1 |
|
|a выбор
|
| 610 |
1 |
|
|a расчет
|
| 610 |
1 |
|
|a угловые размеры
|
| 610 |
1 |
|
|a допуски
|
| 610 |
1 |
|
|a резьбовые соединения
|
| 610 |
1 |
|
|a шпоночные соединения
|
| 610 |
1 |
|
|a шлицевые соединения
|
| 610 |
1 |
|
|a цилиндрические зубчатые передачи
|
| 610 |
1 |
|
|a точность
|
| 610 |
1 |
|
|a размерные цепи
|
| 610 |
1 |
|
|a продукция
|
| 610 |
1 |
|
|a сертификация
|
| 610 |
1 |
|
|a учебные пособия
|
| 675 |
|
|
|a 006(075.8)
|v 4
|
| 675 |
|
|
|a 658.562.062.7(075.8)
|v 3
|
| 700 |
|
1 |
|a Самсонова
|b Н. И.
|g Наталья Николаевна
|
| 712 |
0 |
2 |
|a Томский политехнический университет
|b Юргинский технологический институт
|2 stltpush
|3 (RuTPU)RU\TPU\col\12451
|
| 801 |
|
1 |
|a RU
|b 63413507
|c 20080522
|g PSBO
|
| 801 |
|
2 |
|a RU
|b 63413507
|c 20130422
|g PSBO
|
| 900 |
|
|
|a Метрология, стандартизация и сертификация
|
| 942 |
|
|
|c BK
|